000 00656nam a2200241Ia 4500
003 OSt
005 20220928121918.0
006 a|||||r|||| 00| 0
007 ta
008 220927b |||||||| |||| 00| 0 eng d
024 _a16761
037 _cTextual
040 _aSDCL
_cSDCL
_beng
041 _2eng
_aeng
082 _aO-,3L97w, P0
100 _aTodd Janet
_9454808
245 0 _aMary Wollstonecraft
_b A revolutionary life.
260 _aLondon
_bPhoenix Press
_c2000
300 _axiii,516p.
_ccm.
650 _aWollstonecraft Mary
_9454809
942 _hO-,3L97w, P0
_cTEXL
_2CC
999 _c768536
_d768536